Normal view
MARC view
- PROCESS CONTROL
Entry Topical Term
001 - CONTROL NUMBER
- control field: 62181
003 - CONTROL NUMBER IDENTIFIER
- control field: NUST
005 - DATE AND TIME OF LATEST TRANSACTION
- control field: 20210628202906.0
008 - FIXED-LENGTH DATA ELEMENTS
- fixed length control field: 210628|| aca||aabn | a|a d
040 ## - CATALOGING SOURCE
- Original cataloging agency: NUST
- Transcribing agency: NUST
150 ## - HEADING--TOPICAL TERM
- Topical term or geographic name entry element: PROCESS CONTROL
670 ## - SOURCE DATA FOUND
- Source citation: Work cat.: (NUST): Romagnoli, Jose . A Palazoglu, Ahmet 62180, Introduction to process control, 2005
